000 00643nam a2200229 i 4500
001 bg
245 0 0 _aEkonomika rolnictwa :
_bzarys teorii /
_cWilem Heijman [et al.].
260 _aWarszawa :
_bFundacja "Rozwój SGGW",
_c1997.
300 _a431 s. :
_bwykr. ;
_c24 cm.
504 _aBibliogr.
650 9 _aRolnictwo
_xekonomika
655 _aPodręczniki akademickie
700 1 _aHEIJMAN, Wilem
020 _a8386980508
040 _cBPK
041 0 _apl
080 _a338.43(075.8)
920 _a83-86980--50-8
942 _cKS
008 s pl f |000 0 pol
999 _c39557
_d39557
856 _uhttp://koha.tu.koszalin.pl/cgi-bin/koha/opac-detail.pl?biblionumber=39557
_yKatalog online BPK